000
00215 a2200097 4500
001
28394
100
_a
Schneider, P J
245
_a
Conduction heat transfer
260
_a
_b
Addison Wesley
_c
090
_c
19002
_d
19002
942
_a
NUST-CAE
_c
M
_c
10006
999
_c
263467
_d
263467